| 000 | 00387nam a2200145Ia 4500 | ||
|---|---|---|---|
| 999 |
_c19714 _d19714 |
||
| 082 | _aRR 491.2321 MAC-; | ||
| 100 | _aMacdonell, Arthur A. | ||
| 245 | 0 | _aSanskrit English dictionary | |
| 260 |
_aNew Delhi _bAward Publishing _c1979 |
||
| 300 | _axi, 384p. | ||
| 504 | _aRef.book | ||
| 650 | _aEnglish language - Dictionaries | ||
| 650 | _aSanskrit language - Dictionaries | ||
| 942 | _cBK | ||